Rückblick 2024 - Länder zuordnen (Afrika) - Statistiken

Allgemein
  • Dieses Quiz wurde 21 mal gespielt
  • Das Durchschnittsergebnis liegt bei 7 aus 15
Antwortstatistiken
Hint Antwort % Korrekt
Ein Putschversuch von Christian Malanga löst Unruhen in der Hauptstadt Kinshasa aus. Demokratische Republik Kongo
78%
Bei den Wahlen verliert die Regierungspartei African National Congress (ANC) erstmals seit 30 Jahren ihre absolute Mehrheit in der Nationalversammlung. Südafrika
72%
Hochwasser im Grenzgebiet zwischen Kenia und diesem Staat führen zu mehr als 400 Toten. Tansania
72%
Mit 4 Gold- und 2 Silbermedaillen das am besten platzierte afrikanische Land bei den Olympischen Spielen. Kenia
61%
Bei der Schlacht von al-Fāschir in Nord-Darfur werden mind. 9 Zivilisten getötet. Sudan
61%
Der Gastgeber des Afrika-Cups gewinnt diesen zum dritten Mal. Elfenbeinküste
50%
Bassirou Diomaye Faye wird Präsident. Senegal
50%
Iran, die VAE, Ägypten und dieses Land werden BRICS-Mitglieder. Äthiopien
44%
Eine neue Währung mit dem Namen Gold wird eingeführt. Simbabwe
39%
Hier fanden die diesjährigen Afrikaspiele statt. Ghana
33%
Präsident Paul Kagame wird für eine vierte Amtszeit wiedergewählt. Ruanda
33%
Duma Boko von der Mitte-Links-Partei Umbrella for Democratic Change gewinnt die Präsidentschaftswahl, was die langjährige Dominanz der Mitte-Rechts-Partei BDP beendet. Botswana
28%
Beim terroristischen Massaker in Barsalogho ermorden Jihadisten über 600 Menschen. Burkina Faso
28%
Bei Bombenangriffen in Gwoza im Bundesstaat Borno sterben über 30 Menschen. Nigeria
28%
Land mit den meisten Betroffenen bei den Hochwassern in West- und Zentralafrika. Tschad
17%
Keine übereinstimmenden Quizze gefunden
Verteilung der Resultate
Anzahl Personen mit jedem Resultat
Perzentil nach korrekt beantworteten Fragen
Ihre Resultats-Entwicklung
Sie haben dieses Quiz noch nicht gespielt